Grosvenor Estate Belgravia v Cochran (Record no. 32785)

MARC details
000 -LEADER
fixed length control field 01513cab a2200241 4500
001 - CONTROL NUMBER
control field ABS45465
008 - FIXED-LENGTH DATA ELEMENTS--GENERAL INFORMATION
fixed length control field 090401t1991 xxu||||| |||| 00| 0 eng d
035 ## - SYSTEM CONTROL NUMBER
System control number (Sirsi) u53149
041 ## - LANGUAGE CODE
Language code of text/sound track or separate title eng
245 ## - TITLE STATEMENT
Title Grosvenor Estate Belgravia v Cochran
260 ## - PUBLICATION, DISTRIBUTION, ETC.
Date of publication, distribution, etc. 1991
350 ## - PRICE (NR) (BK AM CF MU VM SE) [OBSOLETE]
Price 0
490 ## - SERIES STATEMENT
Series statement Estates Gazette
Volume/sequential designation 1991 44 EG 169-173(4)
520 ## - SUMMARY, ETC.
Summary, etc. CA 3 May 1991. Appeal by tenant Cochran (C) against a possession order granted to landlord G. A subtenancy of a basement flat had been granted to C for a term longer than the residue of the headlease. C argued that the agreement granting the subtenancy operated as an assignment of the residue of head tenancy in respect of the flat and that the assigned tenancy came to an end on the term date of the headlease and therefore she had acquired a long tenancy protected by the Landlord and Tenant Act Part I. CA dismissed C`s arguments on the grounds that C`s tenancy failed to fulfil the qualifying condition of being let as a separate dwelling. CA noted that C had been badly advised. C had no security of tenure and no means of recouping capital expenditure of £35,000 spent on the flat. Appeal dismissed.
650 ## - SUBJECT ADDED ENTRY--TOPICAL TERM
Topical term or geographic name entry element LANDLORD AND TENANT ACT 1954 PART I
650 ## - SUBJECT ADDED ENTRY--TOPICAL TERM
Topical term or geographic name entry element PROPERTY-RESIDENTIAL PROPERTY-RESIDENTIAL LANDLORD AND TENANT-RESIDENTIAL TENANCIES
650 ## - SUBJECT ADDED ENTRY--TOPICAL TERM
Topical term or geographic name entry element SECURITY OF TENURE
650 ## - SUBJECT ADDED ENTRY--TOPICAL TERM
Topical term or geographic name entry element SEPARATE DWELLING
650 ## - SUBJECT ADDED ENTRY--TOPICAL TERM
Topical term or geographic name entry element SUBTENANCIES
690 ## - LOCAL SUBJECT ADDED ENTRY--TOPICAL TERM (OCLC, RLIN)
Topical term or geographic name as entry element LANDLORD AND TENANT-CASE LAW-RESIDENTIAL TENANCIES
942 ## - ADDED ENTRY ELEMENTS (KOHA)
Suppress in OPAC 0
948 ## - LOCAL PROCESSING INFORMATION (OCLC); SERIES PART DESIGNATOR (RLIN)
c (OCLC) 04/03/1997
Holdings
Withdrawn status Lost status Source of classification or shelving scheme Damaged status Not for loan Home library Current library Shelving location Date acquired Total Checkouts Full call number Barcode Date last seen Copy number Price effective from Koha item type
    Dewey Decimal Classification     London London Journal article 14/09/1999   ABS45465 53149-1001 06/08/2019 1 06/08/2019 Law report